00520nam a2200169 a 450000500170000002000180001710000190003524500210005426000250007530000110010004100080011165000280011994200070014799900110015495200910016595200940025620260702181356.0 a97897312349871 aMolnar, Ferenc10aA Pal utcai fiuk aBudapestbMorac2012 a198 p.0 ahun 0aLiteratura pentru copii cBK c37d37 00104070aBJHRbBJHRd2026-07-02l0pARTABJHR37r2026-07-02 18:14:07w2026-07-02yBK 00104070aBHR03bBHR03d2026-07-02l0pARTABHR0337r2026-07-02 18:14:07w2026-07-02yBK